Process level instrumentation and control

Guardat en:
Dades bibliogràfiques
Autor principal: Cheremisinoff, Nicholas Paul (Autor)
Format: Llibre
Idioma:anglès
Publicat: Nueva York Marcel Dekker 1981
Col·lecció:Engineering Measurements and Instrumentation. A Series of Reference Books and Textbooks, 2
Matèries:
Etiquetes: Afegir etiqueta
Sense etiquetes, Sigues el primer a etiquetar aquest registre!

MARC

LEADER 00000nam a2200000 a 4500
001 UCU6477
003 CL-VaPUC
008 960621e19810000US |||||||||||||||||eng|d
082 0 4 |a 629.8  |b CHE  |2 21 
100 0 |a Cheremisinoff, Nicholas Paul  |e author  |9 364684 
245 1 0 |a Process level instrumentation and control 
300 |a 252 p 
942 |c BK 
945 |d 19960621 00:00:00  |a cmena 
260 |a Nueva York  |b Marcel Dekker  |c 1981 
650 0 |a Control automático  |9 259890 
650 7 |a INSTRUMENTOS DE MEDIDA  |2 CL-VaPUC  |9 262517 
650 0 |a Informática   |9 260044 
650 7 |a DIAGRAMAS NUMERICOS  |2 CL-VaPUC  |9 364685 
650 0 |a Matemática aplicada   |9 260236 
650 0 |a Control de calidad   |9 259714 
650 0 |a Ingeniería industrial   |9 260973 
583 |a last modification  |c 19960621 00:00:00  |k Rodrigo Vera 
490 0 |a Engineering Measurements and Instrumentation. A Series of Reference Books and Textbooks, 2 
999 |c 249376  |d 249374 
952 |0 0  |1 0  |4 0  |6 629_800000000000000_CHE_1981  |7 0  |8 A  |9 266609  |a BIBING  |b BIBING  |d 2019-11-19  |i 1688758  |o 629.8 CHE 1981  |p 1688758  |r 2025-01-20  |w 2019-11-19  |y BK  |k EIE